000 00264nam a2200109Ia 4500
008 200302s9999 xx 000 0 und d
100 _aDavid Walsh & Others
245 _aAutocad 13 Secrets
260 _bComdex Comprter Publishing
260 _c1997
300 _a740 P.,
999 _c950
_d950